| 000 | 00944 a2200313 4500 | ||
|---|---|---|---|
| 999 |
_c200422064 _d11833 |
||
| 001 | 200422064 | ||
| 003 | TR-AnTOB | ||
| 005 | 20241011141002.0 | ||
| 008 | 150529s tu 000 0 | ||
| 020 | _a9789751626349 | ||
| 040 |
_aTR-AnTOB _btur _erda _cTR-AnTOB |
||
| 041 | 0 | _atur | |
| 050 | 0 | 0 |
_aDX265 _b.A48 2013 |
| 090 | _aDX265 .A48 2013 | ||
| 100 | 1 |
_aAltınöz, İsmail _9106499 |
|
| 245 | 1 | 0 |
_aOsmanlı toplumunda Çingeneler / _cİsmail Altınöz. |
| 264 |
_aAnkara : _bTürk Tarih Kurumu, _c2013. |
||
| 300 |
_axvi, 396 p. _c30 cm. |
||
| 336 |
_atext _2rdacontent |
||
| 337 |
_aunmediated _2rdamedia |
||
| 338 |
_avolume _2rdacarrier |
||
| 490 | 0 |
_aTürk Tarih Kurumu Yayınları ; _vsayı: 3 |
|
| 504 | _aIncludes bibliographical references (p. 309-334) and index. | ||
| 650 | 0 | 0 |
_aÇingeneler _xTarih _9106500 |
| 650 | 0 | 0 |
_aRomanies _xHistory _9106501 |
| 710 | 2 |
_aTürk Tarih Kurumu _946395 |
|
| 942 |
_cBK _2lcc |
||